=LDR 00000nam 2200000 4500 =001 INLIS000000000017086 =005 20130612112257 =008 ***********************************Ind** =035 ##$$0010-061300000017086 =041 ##$$a Ind =082 ##$$a 746.6 =090 ##$$a 746.6, Ham l =100 ##$$a Hambor, R.R =245 ##$$a Lukis kaos, R.R.Hambor ; Penyunting, Dede =260 ##$$a 2004 $b Jakarta =300 ##$$a iv, 56 hlm, Ilus, 23 cm =650 ##$$a Lukisan tekstil =700 ##$$a Dede =850 ##$$a NBPNMAT